أشراط الساعة / (رقم التسجيلة. 51087)

تفاصيل مارك
000 -LEADER
fixed length control field 00602nam a22001937a 4500
005 - DATE AND TIME OF LATEST TRANSACTION
control field 20251108170856.0
008 - FIXED-LENGTH DATA ELEMENTS--GENERAL INFORMATION
fixed length control field 250721s1997 xx 000 0 ara d
082 14 - DEWEY DECIMAL CLASSIFICATION NUMBER
Classification number 214.2/سخا
100 1# - MAIN ENTRY--PERSONAL NAME
Personal name السخاوي، شمس الدين أبو الخير
245 10 - TITLE STATEMENT
Title أشراط الساعة /
264 1# - PRODUCTION, PUBLICATION, DISTRIBUTION, MANUFACTURE, AND COPYRIGHT NOTICE
Place of production, publication, distribution, manufacture عمان :
Name of producer, publisher, distributor, manufacturer دار عمار،
Date of production, publication, distribution, manufacture, or copyright notice 1997.
300 ## - PHYSICAL DESCRIPTION
Extent 121ص
650 17 - SUBJECT ADDED ENTRY--TOPICAL TERM
Topical term or geographic name as entry element اليوم الآخر
650 17 - SUBJECT ADDED ENTRY--TOPICAL TERM
Topical term or geographic name as entry element علامات الساعة
700 1# - ADDED ENTRY--PERSONAL NAME
Personal name الحرستاني، عصام فارس
Relator term تحقيق
700 1# - ADDED ENTRY--PERSONAL NAME
Personal name الزغلي، محمد إبراهيم
942 ## - ADDED ENTRY ELEMENTS (KOHA)
Source of classification or shelving scheme Dewey Decimal Classification
Koha item type كتب
المقتنيات
حالة السحب حالة الفقدان مصدر التصنيف حالة التلف غير قابل للإعارة المكتبة الرئيسية المكتبة الحالية موقع الرف تاريخ التزويد الرقم المتسلسل Total Checkouts رقم الإستدعاء تاريخ آخر ظهور تاريخ الفاتورة نوع المادة (كوها) الباركود
    Dewey Decimal Classification     مكتبة الأميرة ايمان العامة مكتبة الأميرة ايمان العامة الإعارة 01/11/2013 [10893]   214.2/سخا 28/07/2025 01/11/2013 كتب PLD00284588
    Dewey Decimal Classification Unchecked   مكتبة الجويدة مكتبة الجويدة الإعارة 28/07/2025 563135   214.2/سخا 28/07/2025 28/07/2025 كتب  
    Dewey Decimal Classification Unchecked   مكتبة حمزة العامة مكتبة حمزة العامة الإعارة 06/07/2004 6314   214.2/سخا 28/07/2025 06/07/2004 كتب  
    Dewey Decimal Classification Unchecked   مكتبة وادي السير العامة مكتبة وادي السير العامة الإعارة 06/07/2004 7565   214.2/سخا 28/07/2025 06/07/2004 كتب  
    Dewey Decimal Classification     مكتبة وادي السير العامة مكتبة وادي السير العامة الإعارة 25/02/2016 [7565]....   214.2/سخا 28/07/2025 25/02/2016 كتب PLD00376151
Implemented & Customized by: BBB with SCIT (Smart Chains for Information Technology)

Powered by Koha